000 00448cam a2200145 4500500
005 20260111102009.0
041 _afre
042 _adc
100 1 0 _aLe Breton, David
_eauthor
245 0 0 _aLes conduites à risque des jeunes comme résistance
260 _c2005.
500 _a64
786 0 _nEmpan | 57 | 1 | 2005-03-01 | p. 87-93 | 1152-3336
856 4 1 _uhttps://shs.cairn.info/revue-empan-2005-1-page-87?lang=fr&redirect-ssocas=7080
999 _c1629752
_d1629752